Imperial Japan or Die! - Sudden Death - Statistics

General Stats
  • This quiz has been taken 47,658 times
    44,596 since last reset
  • The average score is 13 of 19
Answers on the Grid
Answers color-coded by a green-red scale on the quiz's grid according to % correct below.
Afghanistan
Bhutan
Brunei
Cambodia
Canada
China
East Timor
Indonesia
Japan
Kazakhstan
Kiribati
Madagascar
Malaysia
Maldives
Moldova
Myanmar
Nauru
Nepal
New Zealand
North Korea
Pakistan
Papua New Guinea
Peru
Philippines
Russia
Singapore
Solomon Islands
South Korea
Sri Lanka
Taiwan
Vietnam
Yemen
 
Answer Stats
Answer % Correct
China
87%
Japan
85%
Indonesia
80%
South Korea
75%
Cambodia
74%
North Korea
73%
Malaysia
72%
Taiwan
71%
Philippines
70%
Vietnam
70%
East Timor
68%
Brunei
67%
Singapore
66%
Myanmar
62%
Papua New Guinea
57%
Kiribati
52%
Solomon Islands
52%
Nauru
49%
Russia
46%
No matching quizzes found
Score Distribution
Percent of People with Each Score
Percentile by Number Answered
Your Score History
You have not taken this quiz since the last reset